| 000 | 01686cam a22003615a 4500 | ||
|---|---|---|---|
| 001 | 14509693 | ||
| 005 | 20161015101816.0 | ||
| 008 | 060821t2006 enka frb 001 0 eng d | ||
| 010 | _a 2006298137 | ||
| 020 | _a1845111524 (hbk.) | ||
| 020 | _a9781845111526 (hbk.) | ||
| 035 | _a(OCoLC)ocm63137072 | ||
| 040 |
_aUKM _beng _cUKM _dBAKER _dBWKUK _dOCLCQ _dIXA _dDLC _dEG-ScBUE |
||
| 043 | _aa-ii--- | ||
| 082 | 0 | 4 |
_a305.420954 _bBRA _222 |
| 100 | 1 |
_aBradley, Tamsin. _941546 |
|
| 245 | 1 | 0 |
_aChallenging the NGOs : _bwomen, religion, and western dialogues in India / _cTamsin Bradley. |
| 260 |
_aLondon ; _aNew York : _bTauris Academic Studies, _cc.2006. |
||
| 300 |
_axxiv, 232 p. : _bill. ; _c23 cm. |
||
| 490 | 0 |
_aInternational library of human geography ; _v10 |
|
| 500 | _aIndex : p. 227-232. | ||
| 504 | _aBibliography : p. 195-226. | ||
| 520 | _aExamines the interfaces between religion, gender, anthropology, and social development, and focuses on the operation of grass roots non-governmental organisations. This book argues that these agencies need to adopt a fresh methodology if they are to increase efficiency. | ||
| 650 | 0 |
_aWomen in development _zIndia. _2BUEsh |
|
| 650 | 0 |
_aNon-governmental organizations _zIndia. _2BUEsh |
|
| 650 | 0 |
_aWomen and religion _zIndia. _2BUEsh |
|
| 651 | _2BUEsh | ||
| 653 |
_bBUSBOL _cOctober2016 |
||
| 856 | 4 | 2 |
_3Contributor biographical information _uhttp://www.loc.gov/catdir/enhancements/fy0667/2006298137-b.html |
| 856 | 4 | 2 |
_3Publisher description _uhttp://www.loc.gov/catdir/enhancements/fy0667/2006298137-d.html |
| 856 | 4 | 1 |
_3Table of contents only _uhttp://www.loc.gov/catdir/enhancements/fy0667/2006298137-t.html |
| 942 | _2ddc | ||
| 999 |
_c22572 _d22544 |
||